| 000 | 02003nam0a2200409 4500 | ||
|---|---|---|---|
| 001 | RU\NLR\bibl\2067699 | ||
| 005 | 20240723111503.0 | ||
| 010 | _9100 | ||
| 020 |
_aRU _b20-25128 _9Летопись авторефератов диссертаций |
||
| 021 |
_aRU _b2012-18060а _9723аа |
||
| 035 | _a(NLR Aleph) 002054122 | ||
| 090 |
_a4655614 _c4655614 |
||
| 100 | _a20121119d2012 u u0rusy50 ca | ||
| 101 | 0 | _arus | |
| 102 | _aRU | ||
| 105 | _aa dm ||||| | ||
| 135 | _acrbn 008apadp | ||
| 135 | _acrbn 008apadp | ||
| 135 | _acrbn 008apadp | ||
| 200 | 1 |
_aИммунохроматографический метод исследования в диагностике сифилитической инфекции _e(клинико-лабораторное исследование) _eавтореф. дис. на соиск. учен. степ. к. м. н. _eспециальность 14.01.10 <Кожные и венерические болезни> _fОсманова Севиля Решатовна _g[Рос. науч.-исслед. мед. ун-т им. Н. И. Пирогова] _gМесто защиты: Гос. науч. центр дерматовенерологии и косметологии |
|
| 210 |
_aМосква _d2012 |
||
| 215 |
_a26 с. _cцв. ил. _d21 |
||
| 300 | _aНа тит. л. ошибочно спец. | ||
| 320 | _aБиблиогр.: с. 25-26 (8 назв.) | ||
| 325 | _aКопия доступна в Электрон. б-ке РНБ | ||
| 675 |
_a616.9 _v3 _zrus |
||
| 686 |
_a76.29 _2rugasnti |
||
| 686 |
_a55.1 _2rubbk |
||
| 686 |
_a14.00.11 _2oksvnk |
||
| 700 | 1 |
_aОсманова _bС. Р. _gСевиля Решатовна _4070 |
|
| 801 | 0 |
_aRU _bRKP _c20121119 _gPSBO |
|
| 801 | 1 |
_aRU _bRKP _c20121119 |
|
| 801 | 2 |
_aRU _bNLR _c20130902 _grcr |
|
| 901 | _eАвторефераты | ||
| 942 | _cBOOK | ||
| 981 | 1 | 0 | _a(10) Авторефераты |